000 01047nam a22003137a 4500
001 32432
003 AR-RoBPED
005 20260317120802.0
008 260317s1988 ag a|||ar|||| 001 0dspa d
020 _a9509911169
040 _aAR-RoBPED
041 _aspa
100 1 _aLudueña, Mirta
_91667
245 1 3 _aEl calendario de mi jardincito /
_cMirta Ludueña ; Adriana Montobbio.
260 _aBuenos Aires :
_bEDA,
_c1988.
300 _a299 p. :
_bil.
500 _aEfemérides para: - 25 de mayo - 20 de junio - 9 de julio - 17 de agosto - 11 de septiembre - 21 de septiembre - 12 de octubre - Fiesta de fin de año
650 4 _aNIVEL INICIAL
_91213
650 4 _aEFEMERIDES
_91365
650 4 _aCALENDARIOS ESCOLARES
_91034
650 4 _aACTOS ESCOLARES
_94472
650 4 _aTEATRO
_9241
650 4 _aTITERES
_9841
650 4 _aJUEGOS
_919373
650 4 _aRIMAS
_916816
700 1 _aMontobbio, Adriana
_91668
942 _2udc
_aK. 32432
_cBK
_h372.3
_kBM
_mL 93
_nInv. 42307
945 _ann 17/03/2026 - cd 17/03/2026
999 _c32432
_d32432